000 00295nam a2200109Ia 4500
008 200302s9999 xx 000 0 und d
100 _aMadelin Wexier
245 _aDining in Style 50 Great Hotel Restaurants of the World
260 _bP B C International Inc.
260 _c1996
300 _a153 P.,
999 _c1571
_d1571